| 000 | 00515nam a22001817a 4500 | ||
|---|---|---|---|
| 005 | 20251108171148.0 | ||
| 008 | 250721s1996 xx 000 0 ara d | ||
| 082 | 1 | 4 | _a155.9/عوي |
| 100 | 1 |
_aعويضة، كامل _eمؤلف |
|
| 245 | 1 | 0 | _aعلم النفس الاشاعة / |
| 264 | 1 |
_aبيروت : _bالكتب العلمية، _c1996. |
|
| 300 | _a214ص | ||
| 490 | 0 | _aعلم النفس | |
| 650 | 1 | 7 | _aسيكولوجية التاثير |
| 650 | 1 | 7 | _aالاشاعة |
| 942 |
_2ddc _cBK |
||
| 999 |
_c58197 _d58197 |
||